تخطي إلى المحتوى

Судебная практика в правовой системе России Учебное пособие

Рассматриваются вопросы теоретико-правового и философско-правового осмысления проблем судебной практики России как в историческом аспекте так и с позиций современных исследований. Исследуются основные научные подходы к пониманию судебной практики в классической и постклассической методологии исследо...

وصف كامل

محفوظ في:
التفاصيل البيبلوغرافية
التنسيق: Учебное пособие
الوصول للمادة أونلاين:https://znanium.com/catalog/document?id=397508
https://znanium.com/cover/1869/1869200.jpg
الوسوم: إضافة وسم
لا توجد وسوم, كن أول من يضع وسما على هذه التسجيلة!
LEADER 03218nam0a2200301 i 4500
001 RU\infra-m\znanium\bibl\1869200
003 https://znanium.com/catalog/document?id=397508
005 20240530000000.0
010 |a 978-5-93916-889-2 
100 |a 20240530d2022 m y0rusy0150 ca 
101 0 |a rus 
102 |a RU 
200 1 |a Судебная практика в правовой системе России  |e Учебное пособие  |f Российский государственный университет правосудия, Казанский ф-л 
210 1 |a Москва  |c Российский государственный университет правосудия  |d 2021 
215 |a 160 с. 
330 |a Рассматриваются вопросы теоретико-правового и философско-правового осмысления проблем судебной практики России как в историческом аспекте так и с позиций современных исследований. Исследуются основные научные подходы к пониманию судебной практики в классической и постклассической методологии исследования факторы влияющие на позиции судов в рамках индивидуального судебного регулирования а также взаимосвязь судебной практики и государственного управления в Российской Федерации. Особое внимание уделяется социокультурным аспектам судебной практики и правосудия. Адресуется преподавателям юридических вузов научным работникам судьям и другим практикующим юристам. Может использоваться в качестве учебного пособия в рамках преподавания дисциплин магистратуры. 
333 |a ВО - Магистратура 
606 |a Право. Юридические науки  |x Судебная система  |2 local 
608 |a Учебное пособие  |2 local 
675 |a 347  |z rus 
686 |a 6771  |2 rubbk 
686 |a 40.04.01  |2 okso 
686 |a 40.05.04  |2 okso 
702 1 |a Губаева  |b Т.В.  |p Российский государственный университет правосудия, Казанский ф-л  |r Под ред. 
702 1 |a Краснов  |b А.В.  |g Александр Валерьевич  |p Российский государственный университет правосудия, Казанский ф-л  |r Под ред. 
801 0 |a RU  |b Общество с ограниченной ответственностью «ЗНАНИУМ»  |c 20220304  |2 rusmarc 
856 4 |a znanium.com  |m ebs_support@infra-m.ru  |n НИЦ ИНФРА-М  |u https://znanium.com/catalog/document?id=397508 
856 4 1 |a znanium.com  |d /cover/1869  |f 1869200.jpg  |q image/jpeg  |u https://znanium.com/cover/1869/1869200.jpg